Southville International School and Colleges
Your cart is empty.
  • Cart
  • Lists
    Public lists Eva Luna New books Lux_list list_1
    Your lists Log in to create your own lists
  • Log in to your account
  • Your cookies
  • Search history
Southville International School and Colleges
  • Advanced search
  • Recent comments
  • Most popular
  • Libraries

Log in to your account

Log in with GOOGLE


If you do not have an external account, but do have a local account, you can still log in:

  1. Home
  2. MARC view: Utilizing interactive web based dynamics animation software in order to obtain graphs of parametric studies /
Normal view MARC view ISBD view

Utilizing interactive web based dynamics animation software in order to obtain graphs of parametric studies / (Record no. 120923)

[ view plain ]
MARC details
000 -LEADER
fixed length control field 00630nam a2200205Ia 4500
008 - FIXED-LENGTH DATA ELEMENTS--GENERAL INFORMATION
fixed length control field 140626s9999 xx 000 0 und d
100 ## - MAIN ENTRY--PERSONAL NAME
Personal name Stanley.
245 ## - TITLE STATEMENT
Title Utilizing interactive web based dynamics animation software in order to obtain graphs of parametric studies /
Statement of responsibility, etc Stanley ... [et al.].
260 ## - PUBLICATION, DISTRIBUTION, ETC. (IMPRINT)
Date of publication, distribution, etc c2011.
300 ## - PHYSICAL DESCRIPTION
Extent 2 : 3, page 70
440 ## - SERIES STATEMENT/ADDED ENTRY--TITLE
Title Computers in Education Journal
521 ## - TARGET AUDIENCE NOTE
Target audience note
650 ## - SUBJECT ADDED ENTRY--TOPICAL TERM
Topical term or geographic name as entry element Animation software.
650 ## - SUBJECT ADDED ENTRY--TOPICAL TERM
Topical term or geographic name as entry element Audience.
650 ## - SUBJECT ADDED ENTRY--TOPICAL TERM
Topical term or geographic name as entry element Dynamics course.
650 ## - SUBJECT ADDED ENTRY--TOPICAL TERM
Topical term or geographic name as entry element Software intent.
650 ## - SUBJECT ADDED ENTRY--TOPICAL TERM
Topical term or geographic name as entry element Students work.
650 ## - SUBJECT ADDED ENTRY--TOPICAL TERM
Topical term or geographic name as entry element Web-based dynamics interaction.
942 ## - ADDED ENTRY ELEMENTS (KOHA)
Koha item type Periodicals
Holdings
Withdrawn status Lost status Damaged status Home library Current library Shelving location Date acquired Total Checkouts Barcode Date last seen Price effective from Koha item type
      College Library College Library Periodical Section 06/26/2014   S0031 06/26/2014 06/26/2014 Periodicals

Utilizing interactive web based dynamics animation software in order to obtain graphs of parametric studies /

APA

Stanley, . (2011). Utilizing interactive web based dynamics animation software in order to obtain graphs of parametric studies. : .

Chicago

Stanley, . 2011. Utilizing interactive web based dynamics animation software in order to obtain graphs of parametric studies. : .

Harvard

Stanley, . (2011). Utilizing interactive web based dynamics animation software in order to obtain graphs of parametric studies. : .

MLA

Stanley, . Utilizing interactive web based dynamics animation software in order to obtain graphs of parametric studies. : . 2011.

  • Place hold
  • Print
  • Cite
  • Add to your cart (remove)
  • Save record
    BIBTEX Dublin Core MARCXML MARC (non-Unicode/MARC-8) MARC (Unicode/UTF-8) MARC (Unicode/UTF-8, Standard) MODS (XML) RIS
  • More searches
    Search for this title in:
    Other Libraries (WorldCat) Other Databases (Google Scholar) Online Stores (Bookfinder.com) Open Library (openlibrary.org)

Exporting to Dublin Core...

SOUTHVILLE LIBRARY

Southville International School and Colleges Library

1281 Tropical Ave. Cor. Luxembourg St., BF Homes International, Las Pinas City

Tel. No. 8256374 / 252358 Loc. 117/146

Powered by Koha